| 000 | 00469nam a22001937a 4500 | ||
|---|---|---|---|
| 003 | OSt | ||
| 005 | 20180116183041.0 | ||
| 008 | 160222b xxu||||| |||| 00| 0 eng d | ||
| 022 | _a06-080-87-1 | ||
| 040 | _c0 | ||
| 050 | _a174.4 | ||
| 082 | _a174.4 | ||
| 100 | _aKennedy,John R. | ||
| 245 |
_aMillat Tractors Limited (A). _bCase Studies. _cJohn R.Kennedy. |
||
| 260 |
_aLahore _bLUMS _c1987. |
||
| 300 | _a7p. | ||
| 500 | _aPaper Cover | ||
| 942 |
_2ddc _cCS _k174.4 |
||
| 999 |
_c351233 _d351233 |
||